000 00640cam a22002291 4500
001 sa 67003065
003 DLC
005 20260227112335.0
008 760716s1967 ii a b 001 0 eng
010 _asa 67003065
035 _a(OCoLC)2314812
040 _aDLC
_cNBuU
_dDLC
042 _apremarc
050 0 0 _aHD4293
_b.L64
082 _a354.54
100 1 _aLotia, Chandrakant,
_d1932-
245 1 0 _aManagerial problems of the public sector in India.
260 _aBombay,
_bManaktalas
_c[1967]
300 _aix, 327 p.
_billus.
_c22 cm.
504 _aBibliography: p. 321-324.
650 0 _aGovernment business enterprises
_zIndia.
999 _c73607
_d73607